00357nam a22001217a 450000500170000002000220001703500130003903700130005210000290006524500750009426000430016930000230021220120419113734.0 a8122410820c00.00 aA-895853 aDPLbENG aBanerjee, Brojendra Nath aStruggle for justice to dalit Christians /cby Brojendra Nath Banerjee aNew DelhibNew Age Internationalc1997 axi, 123p.c18 cms.